Statistics for Countries and Languages Quiz

Click here to take the quiz!

General Stats

  • This quiz has been taken 217,352 times
    (217,308 since last reset)
  • The average score is 21 of 30

Answer Stats

LanguageCountry% Correct
EnglishUnited States
98%
SpanishMexico
94%
FrenchFrance
93%
PortugueseBrazil
92%
DutchNetherlands
89%
MandarinChina
88%
HindiIndia
87%
DanishDenmark
85%
HebrewIsrael
85%
CantoneseChina
80%
PersianIran
79%
RomaniRomania
78%
AfrikaansSouth Africa
76%
ArabicEgypt
74%
CatalanSpain
72%
BengaliBangladesh
70%
PunjabiPakistan
70%
JavaneseIndonesia
65%
MāoriNew Zealand
62%
BasqueSpain
62%
KurdishTurkey
62%
TagalogPhilippines
57%
ZuluSouth Africa
57%
TamilIndia
54%
KhmerCambodia
53%
PashtunPakistan
43%
TatarRussia
39%
RomanshSwitzerland
37%
IgboNigeria
36%
SinhaleseSri Lanka
30%

Score Distribution

Percentile by Number Answered

Percent of People with Each Score

Your Score History

You have not taken this quiz since the last reset